[Event "1st Killer Chess Training Open 2023"]
[Site "Copenhagen"]
[Date "2023.10.14"]
[Round "1.1"]
[White "Arizmendi Martinez, Julen Luis"]
[Black "Eckert, Doug"]
[Result "1-0"]
[WhiteElo "2515"]
[BlackElo "2116"]
[EventDate "2023.10.14"]
[EventType "swiss"]
[EventRounds "9"]
[EventCountry "DEN"]
[SourceTitle "Live v. Obro Skakforening"]

1. Nf3   d5  2. d4   Nf6  3. c4   e6  4. Nc3   a6  5. c5   b6  6. cxb6   c5  7. Bf4   Qxb6  8. Na4   Qa7  9. Nxc5   Bxc5  10. dxc5  10... Qxc5  11. Rc1   Qb4+  12. Qd2   Qxd2+  13. Nxd2   O-O  14. e3   Bd7  15. Nb3   Bb5  16. Nd4   Bxf1  17. Rxf1   Nbd7  18. Bd6   Rfe8  19. Nc6   h6  20. f3  20... Kh7  21. Ke2   a5  22. a4   Ra6  23. Ba3   Nb6  24. Ne5   Ra7  25. b3   Kg8  26. Rc2   Rb7  27. Nc6   Ra8  28. Rfc1   Nbd7  29. Nd4   Rab8  30. Rc8+  30... Kh7  31. Rxb8   Nxb8  32. Nb5   Kg6  33. Rc8   Nfd7  34. Bb2   Na6  35. Bd4   Rb8  36. Rc6   Nb4  37. Rc7   Nf6  38. Bc3   Na6  39. Rc6   Nb4  40. Bxb4  40... axb4  41. Nc7   Kh7  42. a5   Ne8  43. a6   Nxc7  44. Rxc7   Kg6  45. a7   Ra8  46. Kd3   e5  47. e4   d4  48. Kc4   Rd8  49. Kd3   Kf6  50. Rb7  50... Ra8  51. Kc4   Ke6  52. Kxb4  1-0

[Event "1st Killer Chess Training Open 2023"]
[Site "Copenhagen"]
[Date "2023.10.14"]
[Round "1.2"]
[White "Skou, Niels"]
[Black "Rasmussen, Allan Stig"]
[Result "0-1"]
[WhiteElo "2107"]
[BlackElo "2510"]
[EventDate "2023.10.14"]
[EventType "swiss"]
[EventRounds "9"]
[EventCountry "DEN"]
[SourceTitle "Live v. Obro Skakforening"]

1. d4   f5  2. Bf4   Nf6  3. e3   d6  4. Nc3   g6  5. h4   h6  6. Qf3   e6  7. O-O-O   Qe7  8. e4   Nc6  9. exf5   gxf5  10. Bb5  10... Bd7  11. d5   exd5  12. Nxd5   Nxd5  13. Qh5+   Kd8  14. Rxd5   Qe4  15. Qf3   Ne7  16. Qxe4   fxe4  17. Rh5   Bg4  18. Be2   Bxh5  19. Bxh5   Bg7  20. Ne2  20... Kd7  21. f3   exf3  22. Bxf3   Rae8  23. Bh5   Ref8  24. Re1   Nc6  25. Be3   Be5  26. c3   Rf6  27. Kd2   Ne7  28. Bg4+   Kd8  29. Nd4   Nd5  30. Bg1  30... Re8  31. Bh5   Bf4+  32. Kd1   Rxe1+  33. Kxe1  0-1

[Event "1st Killer Chess Training Open 2023"]
[Site "Copenhagen"]
[Date "2023.10.14"]
[Round "1.4"]
[White "Skonnord, Uno"]
[Black "Brunello, Sabino"]
[Result "0-1"]
[WhiteElo "2100"]
[BlackElo "2486"]
[EventDate "2023.10.14"]
[EventType "swiss"]
[EventRounds "9"]
[EventCountry "DEN"]
[SourceTitle "Live v. Obro Skakforening"]

1. e4   c6  2. d4   d5  3. Nc3   dxe4  4. Nxe4   Bf5  5. Ng3   Bg6  6. h4   h6  7. N1e2   e6  8. Nf4   Bh7  9. Bc4   Nf6  10. O-O  10... Bd6  11. Re1   O-O  12. Ngh5   Kh8  13. Nxf6   Qxf6  14. g3   Nd7  15. Nh5   Qd8  16. Bf4   Nb6  17. Bb3   Nd5  18. Bxd6   Qxd6  19. Qf3   a5  20. a3  20... a4  21. Bxd5   exd5  22. c3   Be4  23. Qe3   Qg6  24. Nf4   Qg4  25. Kh2   Rae8  26. Qe2   Qxe2  27. Rxe2   g5  28. Nh3   gxh4  29. gxh4   Re6  30. Rg1  30... Rf6  31. Re3   Kh7  32. Rgg3   c5  33. dxc5   Rc8  34. f3   Bg6  35. Re7   Rxc5  36. Rxb7   d4  37. cxd4   Rc2+  38. Rg2   Rxf3  39. Rxc2   Bxc2  40. Re7  40... Bb3  41. Re2   Rd3  42. Nf4   Rxd4  43. Kg3   Kg7  44. Rf2   f5  45. Re2   Kf6  46. Nh5+   Kf7  47. Nf4   Rd1  48. Re5   Kf6  49. Re2   Rg1+  50. Rg2  50... Re1  51. Rd2   Rg1+  52. Kf3   Rg4  53. Nh5+   Ke5  54. Re2+   Kd6  55. Rd2+   Kc5  56. Rh2   Bd1+  57. Kf2   Rd4  58. Ng3   Rd2+  59. Kg1   Rxh2  60. Kxh2  60... Bg4  61. Nf1   Kc4  62. Nd2+   Kd3  63. Nb1   f4  64. Nc3   Ke3  65. Nd5+   Kf3  66. Nb6   Be6  67. Nxa4   Ke3  68. Nc3   Bb3  69. Nb1   h5  70. Kh3  70... Be6+  71. Kh2   Ba2  72. Nc3   Bb3  73. Nb1   f3  74. Kg3   f2  75. Nd2   Kxd2  76. Kxf2   Kc2  77. a4   Bxa4  0-1

[Event "1st Killer Chess Training Open 2023"]
[Site "Copenhagen"]
[Date "2023.10.14"]
[Round "1.5"]
[White "Chatalbashev, Boris"]
[Black "Chitsazian, Daniel"]
[Result "1/2-1/2"]
[WhiteElo "2467"]
[BlackElo "2100"]
[EventDate "2023.10.14"]
[EventType "swiss"]
[EventRounds "9"]
[EventCountry "DEN"]
[SourceTitle "Live v. Obro Skakforening"]

1. d4   d5  2. c4   e6  3. Nc3   a6  4. cxd5   exd5  5. Nf3   c6  6. Bf4   Bd6  7. Bxd6   Qxd6  8. e3   Ne7  9. Be2   O-O  10. O-O  10... Bg4  11. Qb3   Nd7  12. Rac1   Bxf3  13. Bxf3   Nf6  14. Na4   Rab8  15. Nc5   Nf5  16. Qd3   g6  17. Rfe1   Rfe8  18. b4   Qd8  19. a4   Nd6  20. Bd1  20... h5  21. f3   Qb6  22. Rb1   a5  23. b5   cxb5  24. axb5   Rbd8  25. Bb3   Qxb5  26. Qxb5   Nxb5  27. Nxb7   Ra8  28. Ba4   Nc3  29. Bxe8   Nxb1  30. Bxf7+  30... Kxf7  31. Rxb1   Ke7  32. Nc5   a4  33. Rb7+   Kd6  34. Rb6+   Ke7  35. Re6+   Kf7  36. Ra6   Rxa6  37. Nxa6   Nd7  38. Kf2   Ke6  39. Ke2   Kd6  40. Kd3  40... Nb6  41. e4   Kc6  42. Nb4+   Kd6  43. h4   Ke6  44. Nc2   Nd7  45. Na3   Nb6  46. Nb5   dxe4+  47. fxe4   Nd7  48. Ke3   Nf6  49. Kf4   Kf7  50. d5  50... Ke7  51. Ke5   Nd7+  52. Kd4   Kf6  53. Na3   Ne5  54. Nc4   Nd7  55. e5+   Ke7  56. Na3   Nb6  57. e6   Nc8  58. Nc4   Na7  59. Kc5   Nc8  60. Kb4  60... Kf6  61. Kxa4   Ne7  62. Ne3   Nxd5  63. Nxd5+   Kxe6  64. Ne3   Ke5  65. Kb4   Kf4  66. Nf1   Kg4  67. Kc4   Kxh4  68. Kd3   Kg4  69. Ke3   h4  70. Kf2  70... g5  71. Nh2+   Kf4  72. Nf3   Kg4  73. Ne5+   Kf4  74. Nd3+   Kg4  75. Ne5+   Kf4  76. Nc4   Kg4  77. Ne3+   Kf4  78. Nf1   Kg4  79. Kg1   Kf4  80. Kh2  80... g4  81. Nd2   Ke3  82. Nc4+   Kd4  83. Nd6   Ke5  84. Nf7+   Kf6  85. Nd8   Ke7  86. Nc6+   Kd6  87. Nb4   Ke5  88. Kg1   Kf4  89. Nd5+   Ke5  90. Ne3  90... Kf4  91. Kf2   Kg5  92. Nf1   Kf4  93. Nd2   Kf5  94. Nb1   Kf4  95. Nc3   Ke5  96. Nd1   Ke4  97. Ne3   h3  98. Nxg4   hxg2  1/2-1/2

[Event "1st Killer Chess Training Open 2023"]
[Site "Copenhagen"]
[Date "2023.10.14"]
[Round "1.6"]
[White "Eriksson, Christian Altenburg"]
[Black "Hector, Jonny"]
[Result "0-1"]
[WhiteElo "2100"]
[BlackElo "2436"]
[EventDate "2023.10.14"]
[EventType "swiss"]
[EventRounds "9"]
[EventCountry "DEN"]
[SourceTitle "Live v. Obro Skakforening"]

1. e4   e5  2. Nf3   Nc6  3. d4   exd4  4. Nxd4   Nf6  5. Nxc6   bxc6  6. e5   Qe7  7. Qe2   Nd5  8. c4   Ba6  9. Nd2   O-O-O  10. Qe4  10... Nb6  11. c5   Bxf1  12. cxb6   Ba6  13. bxa7   Kb7  14. Nb3   Qb4+  15. Qxb4+   Bxb4+  16. Bd2   Bxd2+  17. Kxd2   d6  18. exd6   Rxd6+  19. Kc2   Kxa7  20. Nc5  20... Rhd8  21. Rad1   Bc8  22. b4   Bf5+  23. Kc1   Rd4  24. Rxd4   Rxd4  25. a3   Rc4+  26. Kd2   Rc2+  27. Ke3   Ra2  28. Rd1   Rxa3+  29. Kf4   Bg6  30. Rd8  30... Rc3  31. Rd4   Rc2  32. Kg3   Rb2  33. f3   Rb1  34. Nd7   f6  35. Rc4   Bf5  36. Nc5   Kb6  37. Kf4   Kb5  38. Rd4   Rxb4  39. Rxb4+   Kxb4  40. Na6+  40... Ka5  41. Nxc7   Bd7  0-1

[Event "1st Killer Chess Training Open 2023"]
[Site "Copenhagen"]
[Date "2023.10.14"]
[Round "1.8"]
[White "Zander, Emil"]
[Black "Haubro, Martin"]
[Result "1-0"]
[WhiteElo "2072"]
[BlackElo "2405"]
[EventDate "2023.10.14"]
[EventType "swiss"]
[EventRounds "9"]
[EventCountry "DEN"]
[SourceTitle "Live v. Obro Skakforening"]

1. e4   c5  2. Nf3   d6  3. d4   cxd4  4. Nxd4   Nf6  5. Nc3   a6  6. h3   e5  7. Nf3   Be6  8. Ng5   Nc6  9. Nxe6   fxe6  10. Bc4  10... Qd7  11. a3   Be7  12. Be3   b5  13. Bb3   Na5  14. Ba2   Rc8  15. O-O   Nc4  16. Bxc4   Rxc4  17. Qd3   Qc6  18. f3   O-O  19. Bg5   Bd8  20. Rad1  20... Bb6+  21. Be3   Bxe3+  22. Qxe3   a5  23. Rc1   Rc8  24. Rf2   Nd7  25. Rd2   b4  26. axb4   axb4  27. Ne2   d5  28. b3   Rc5  29. f4   dxe4  30. Rcd1  30... Rd5  31. fxe5   Rxd2  32. Rxd2   Nxe5  33. Kh1   Ra8  34. Qd4   Nf7  35. Ng3   Ng5  36. Nh5   Qc7  37. h4   e5  38. Qd5+  1-0

[Event "1st Killer Chess Training Open 2023"]
[Site "Copenhagen"]
[Date "2023.10.14"]
[Round "1.9"]
[White "Hacker, Jonas"]
[Black "Jaksland, Tim"]
[Result "1-0"]
[WhiteElo "2400"]
[BlackElo "2070"]
[EventDate "2023.10.14"]
[EventType "swiss"]
[EventRounds "9"]
[EventCountry "DEN"]
[SourceTitle "Live v. Obro Skakforening"]

1. e4   e5  2. Nf3   Nc6  3. Bc4   Bc5  4. c3   Nf6  5. d4   exd4  6. e5   d5  7. Bb5   Ne4  8. cxd4   Bb6  9. Nc3   O-O  10. Be3  10... Bg4  11. h3   Bh5  12. Qc2   Bg6  13. Qb3   Na5  14. Qxd5   Qe7  15. Qd7   Qb4  16. O-O   Rfd8  17. Nd5   Qxb2  18. Ne7+   Kf8  19. Nxg6+   fxg6  20. Qg4  20... Qxb5  21. Qxe4   Qd5  22. Qg4   Kg8  23. h4   Re8  24. Rfd1   Rad8  25. h5   gxh5  26. Qxh5   Re6  27. Ng5   Rh6  28. Qf3   Rg6  29. Qxd5+   Rxd5  30. Nh3  30... Rd8  31. Nf4   Rc6  32. d5   Bxe3  33. dxc6   Rxd1+  34. Rxd1   Bxf4  35. e6   Kf8  36. Rd5   Nxc6  37. Rf5+   Ke7  38. Rxf4   Kxe6  39. Rf8   Nb4  40. Rb8  40... b6  41. Rb7   Nd5  42. Rxa7   h5  43. Ra8   g5  44. g3   Ke5  45. Rh8   Nf6  46. Kf1   c5  47. a3   Kd4  48. Rh6   Ke5  49. a4   c4  50. Ke2  50... h4  51. gxh4   gxh4  52. Rxh4   Ne4  53. Ke3   Nd6  54. Rh5+   Nf5+  55. Rxf5+  1-0

[Event "1st Killer Chess Training Open 2023"]
[Site "Copenhagen"]
[Date "2023.10.14"]
[Round "1.10"]
[White "Halmeenmaki, Tuomo"]
[Black "Kistrup, Nicolai"]
[Result "1/2-1/2"]
[WhiteElo "2067"]
[BlackElo "2387"]
[EventDate "2023.10.14"]
[EventType "swiss"]
[EventRounds "9"]
[EventCountry "DEN"]
[SourceTitle "Live v. Obro Skakforening"]

1. d4   Nf6  2. c4   e6  3. Nf3   d5  4. Nc3   dxc4  5. e4   b5  6. e5   Nd5  7. Nxb5   Nb6  8. Be2   Nc6  9. Be3   Be7  10. a3  10... Qd7  11. Nc3   Bb7  12. Qc2   Na5  13. Rd1   f5  14. exf6   gxf6  15. Nd2   O-O-O  16. Bf3   f5  17. Bxb7+   Kxb7  18. Ne2   Rhg8  19. Nf3   Bd6  20. Bg5  20... Rdf8  21. g3   Qc6  22. d5   Nxd5  23. Ned4   Qb6  24. O-O   Bc5  25. b4   cxb3  26. Nxb3   Nxb3  27. Rb1   Bxa3  28. Rxb3   Bb4  29. Be7   Nxe7  30. Rxb4  30... Qxb4  31. Rb1   Qb6  32. Ne5   Rd8  33. Nc4   Qxb1+  34. Qxb1+   Ka8  35. Qe1   Rg6  36. Ne5   Rd6  37. Nxg6   hxg6  38. Qc1   Nc6  39. Qh6   e5  40. Qh7  40... Kb7  41. h4   Nd4  42. Kg2   a5  43. Qe7   e4  44. Qe5   Kb6  45. Qh8   Nb5  46. g4   fxg4  47. Qb8+   Kc5  48. Qa8   Kb6  49. Qb8+   Kc5  50. Qa8  50... Kb6  1/2-1/2

[Event "1st Killer Chess Training Open 2023"]
[Site "Copenhagen"]
[Date "2023.10.14"]
[Round "1.11"]
[White "Jacobsen, Mikkel Manosri"]
[Black "Nielsen Refs, Karl Emil Elmer"]
[Result "1-0"]
[WhiteElo "2321"]
[BlackElo "2066"]
[EventDate "2023.10.14"]
[EventType "swiss"]
[EventRounds "9"]
[EventCountry "DEN"]
[SourceTitle "Live v. Obro Skakforening"]

1. d4   Nf6  2. c4   e6  3. Nf3   d5  4. e3   c6  5. b3   Bd6  6. Bd3   Nbd7  7. Bb2   O-O  8. O-O   Ne4  9. Qc2   f5  10. Ba3  10... Bxa3  11. Nxa3   g5  12. Rad1   g4  13. Nd2   Qg5  14. Rfe1   Qh4  15. Re2   Rf6  16. Nab1   Rh6  17. Nf1   Ng5  18. Nbd2   Nf3+  19. Nxf3   gxf3  20. gxf3  20... Nf6  21. f4   Rg6+  22. Kh1   Qh3  23. Ng3   Ng4  24. f3   Nxe3  25. Rxe3   Rxg3  26. cxd5   Rxf3  27. Rg1+   Kf7  28. dxe6+   Bxe6  29. Rxe6   Rxd3  30. Qe2  30... Qf3+  31. Qxf3   Rxf3  32. Rh6   Rh8  33. d5   cxd5  34. Rc1   Re3  35. Rc7+   Re7  36. Rxe7+   Kxe7  37. Kg2   Rg8+  38. Kf3   Rg7  39. Ke3   Rg2  40. a4  40... Rb2  41. Rxh7+   Kd6  42. Rxb7   Rxh2  43. Rxa7   Rh3+  44. Kd4   Rxb3  45. Ra6+   Ke7  46. Kxd5   Re3  47. Rc6   Ra3  48. Rc4   Kf6  49. Kc5   Ke6  50. Kb5  50... Kd5  51. Rb4   Rc3  52. a5   Rc8  53. a6   Rb8+  54. Ka5   Ra8  55. Ra4   Kc5  56. Ra1   Kd5  57. Kb6   Ke4  58. Ra4+   Kf3  59. a7   Rh8  60. Kc6  60... Kg4  61. Kd6   Ra8  62. Kc6   Rh8  63. a8=Q   Rxa8  64. Rxa8   Kxf4  65. Kd5   Ke3  66. Ke5   f4  67. Ra3+  1-0

[Event "1st Killer Chess Training Open 2023"]
[Site "Copenhagen"]
[Date "2023.10.14"]
[Round "1.12"]
[White "Semprun Martinez, Fernando"]
[Black "Holinka, Henning"]
[Result "1/2-1/2"]
[WhiteElo "2064"]
[BlackElo "2263"]
[EventDate "2023.10.14"]
[EventType "swiss"]
[EventRounds "9"]
[EventCountry "DEN"]
[SourceTitle "Live v. Obro Skakforening"]

1. Nf3   g6  2. g3   Bg7  3. Bg2   e5  4. d3   d5  5. O-O   Nc6  6. c4   dxc4  7. dxc4   e4  8. Qxd8+   Nxd8  9. Ng5   f5  10. f3  10... h6  11. Nh3   exf3  12. exf3   Ne6  13. Nc3   Bxc3  14. bxc3   Nf6  15. Nf4   Kf7  16. Rb1   b6  17. Nd3   Bb7  18. Re1   Nd7  19. Nf4   Nxf4  20. Bxf4  20... c5  21. Rbd1   Nf8  22. Be5   Rh7  23. f4   Bxg2  24. Kxg2   Re8  25. Rd6   Kg8  26. Red1   Rhe7  27. a4   Re6  28. Kf3   Kf7  29. a5   Rxd6  30. Rxd6  30... Re6  31. Rxe6   Nxe6  32. axb6   axb6  33. h3   h5  34. g4   hxg4+  35. hxg4   fxg4+  36. Kxg4   Ke7  37. Kf3   Kd7  38. Ke4   Nd8  39. f5   gxf5+  40. Kxf5  40... Nc6  41. Ke4   Na5  42. Kd3   Kc6  43. Bf4   Nb7  44. Ke4  1/2-1/2

[Event "1st Killer Chess Training Open 2023"]
[Site "Copenhagen"]
[Date "2023.10.15"]
[Round "2.1"]
[White "Jacobsen, Mikkel Manosri"]
[Black "Arizmendi Martinez, Julen Luis"]
[Result "1/2-1/2"]
[WhiteElo "2321"]
[BlackElo "2515"]
[EventDate "2023.10.14"]
[EventType "swiss"]
[EventRounds "9"]
[EventCountry "DEN"]
[SourceTitle "Live v. Obro Skakforening"]

1. c4   e6  2. g3   d5  3. Bg2   Nf6  4. Nf3   d4  5. O-O   c5  6. e3   Nc6  7. exd4   cxd4  8. d3   Bc5  9. Bg5   h6  10. Bxf6  10... Qxf6  11. Nbd2   Qe7  12. Re1   O-O  13. Nb3   Rb8  14. a3   b6  15. Nh4   Bd7  16. f4   Qd8  17. Nxc5   bxc5  18. Qh5   Rxb2  19. Qxc5   Qe7  20. Qxe7  20... Nxe7  21. f5   Rfb8  22. fxe6   Bxe6  23. Re4   Rd8  24. Nf3   Nf5  25. Bf1   h5  26. Rae1   Bd7  27. Nxd4   Kf8  28. c5   Rbb8  29. Nxf5   Bxf5  30. Re5  30... Bxd3  31. Rxh5   Kg8  32. c6   Rbc8  33. c7   Rxc7  34. Bxd3   g6  35. Bxg6   fxg6  36. Rg5   Kf7  37. Re2   Rd6  38. Ra5   a6  39. Kg2   Rc3  40. Kh3  40... Rb3  41. Re4   Rb2  42. Rea4   Rdd2  43. Rxa6   Rxh2+  44. Kg4   Kg7  45. Rb4   Rbc2  46. Ra8   Rc7  47. Rba4   Rhc2  48. R8a7   Rxa7  49. Rxa7+   Kf6  50. Ra6+  50... Kf7  51. Ra4   Rc3  52. Rf4+   Kg7  53. Rf3   Rc4+  54. Rf4   Rc3  55. a4   Ra3  56. Rc4   Kf6  57. Rc6+   Kf7  58. Ra6   Rc3  59. a5   Ra3  60. Kf4  60... g5+  61. Kf5   Rxg3  62. Ra7+   Ke8  63. a6   Ra3  64. Ke6   Kd8  65. Kd6   Rd3+  66. Kc5   Rc3+  67. Kb5   Rc7  68. Ra8+   Rc8  69. Ra7   Rc7  70. Ra8+  1/2-1/2

[Event "1st Killer Chess Training Open 2023"]
[Site "Copenhagen"]
[Date "2023.10.15"]
[Round "2.2"]
[White "Rasmussen, Allan Stig"]
[Black "Vuelban, Virgilio"]
[Result "1-0"]
[WhiteElo "2510"]
[BlackElo "2232"]
[EventDate "2023.10.14"]
[EventType "swiss"]
[EventRounds "9"]
[EventCountry "DEN"]
[SourceTitle "Live v. Obro Skakforening"]

1. d4   d5  2. c4   dxc4  3. Nf3   Nf6  4. e3   e6  5. Bxc4   c5  6. O-O   Nc6  7. Qe2   cxd4  8. Rd1   a6  9. exd4   Be7  10. Nc3  10... Nb4  11. Ne5   O-O  12. a3   Nbd5  13. Rd3   Kh8  14. Rh3   Qe8  15. Bd3   g6  16. Bg5   Bd7  17. Re1   Rc8  18. Qd2   Rg8  19. Rf3   Rg7  20. Bh6  20... Rg8  21. Nxd5   exd5  22. Bg5   Bf5  23. Bxf5   gxf5  24. Rxf5   Ne4  25. Nxf7+   Qxf7  26. Rxf7   Nxg5  27. Rexe7  1-0

[Event "1st Killer Chess Training Open 2023"]
[Site "Copenhagen"]
[Date "2023.10.15"]
[Round "2.3"]
[White "Sgircea, Silvia Raluca"]
[Black "Castellanos Rodriguez, Reiner"]
[Result "1/2-1/2"]
[WhiteElo "2225"]
[BlackElo "2487"]
[EventDate "2023.10.14"]
[EventType "swiss"]
[EventRounds "9"]
[EventCountry "DEN"]
[SourceTitle "Live v. Obro Skakforening"]

1. Nf3   Nf6  2. c4   b6  3. g3   Bb7  4. Bg2   c5  5. O-O   g6  6. d4   cxd4  7. Qxd4   Bg7  8. Nc3   d6  9. h3   Nbd7  10. Be3  10... Rc8  11. Rac1   O-O  12. Qh4   a6  13. b3   Rc7  14. Bh6   Re8  15. Bxg7   Kxg7  16. Rfd1   Qb8  17. Nd4   Bxg2  18. Kxg2   Qb7+  19. Nf3   Rec8  20. a4  20... Nc5  21. Nd5   Nxd5  22. cxd5   h6  23. Qd4+   Kh7  24. Qe3   Kg7  25. Qc3+   Kg8  26. Qe3   Kg7  27. Qd4+   Kg8  28. Qe3   Kg7  29. Qc3+   Kg8  30. Qe3  30... Kg7  1/2-1/2

[Event "1st Killer Chess Training Open 2023"]
[Site "Copenhagen"]
[Date "2023.10.15"]
[Round "2.4"]
[White "Brunello, Sabino"]
[Black "Cherniack, Alex"]
[Result "1-0"]
[WhiteElo "2486"]
[BlackElo "2173"]
[EventDate "2023.10.14"]
[EventType "swiss"]
[EventRounds "9"]
[EventCountry "DEN"]
[SourceTitle "Live v. Obro Skakforening"]

1. e4   e5  2. Nf3   Nc6  3. Bb5   a6  4. Ba4   Nf6  5. d3   d6  6. c3   g6  7. O-O   Bg7  8. Re1   O-O  9. h3   Re8  10. Nbd2  10... Bd7  11. Bc2   h6  12. b4   d5  13. Nb3   Bc8  14. Bd2   Kh7  15. a4   b6  16. Nh2   dxe4  17. dxe4   Be6  18. Nf1   Nb8  19. Ne3   Nbd7  20. c4  20... Qc8  21. Bc3   Qb7  22. Qf3   c6  23. Rad1   Qc7  24. a5   b5  25. c5   Rad8  26. Nd2   Nf8  27. Ndf1   Nh5  28. Nf5   Rxd1  29. Rxd1   f6  30. Nd6  30... Re7  31. Ne3   Nf4  32. h4   h5  33. g3   Nh3+  34. Kg2   Kg8  35. Rd3   Rd7  36. Qd1   Bh6  37. Bb3   Nf4+  38. gxf4   exf4  39. Bxe6+   Nxe6  40. Qb3  40... Re7  41. Nef5  1-0

[Event "1st Killer Chess Training Open 2023"]
[Site "Copenhagen"]
[Date "2023.10.15"]
[Round "2.5"]
[White "Hector, Jonny"]
[Black "Falkesgaard, Jeppe Hald"]
[Result "1/2-1/2"]
[WhiteElo "2436"]
[BlackElo "2162"]
[EventDate "2023.10.14"]
[EventType "swiss"]
[EventRounds "9"]
[EventCountry "DEN"]
[SourceTitle "Live v. Obro Skakforening"]

1. e4   c5  2. Nf3   Nc6  3. Bb5   Nf6  4. Nc3   g6  5. e5   Ng4  6. Bxc6   dxc6  7. h3   Nh6  8. g4   Bg7  9. d3   O-O  10. Qe2  10... f6  11. Be3   fxe5  12. Ng5   Nf7  13. h4   Nxg5  14. hxg5   Qa5  15. Bd2   Qb4  16. f3   e4  17. Nxe4   Qxb2  18. Rc1   Rf7  19. Qh2   Bh8  20. Nxc5  20... Bc3  21. Nb3   Be6  22. O-O   Bxd2  23. Qxd2   Raf8  24. c4   Qe5  25. Kg2   Rf4  26. Qe1   Qd6  27. Qe2   c5  28. Nd2   Bd7  29. Ne4   Qe5  30. Qe1  30... Bxg4  31. fxg4   Rxf1  32. Nf6+   Qxf6  33. gxf6   Rxe1  34. Rxe1   exf6  35. Re7   Rf7  36. Re8+   Kg7  37. Rd8   b6  38. Kf3   f5  39. g5   Re7  40. Rd6  40... Kf7  41. a4   Ke8  42. a5   Rd7  43. Re6+   Kf7  44. Rf6+   Ke7  45. axb6   axb6  46. Rxb6   Rxd3+  47. Kf4   Rd6  48. Rb5   Ke6  49. Rxc5   Rd4+  50. Kf3  50... Kd6  51. Rc8   Rg4  52. Rd8+   Kc5  53. Rc8+   Kd4  54. Rc7   Rxg5  55. Rxh7   Kxc4  56. Rd7   Rg4  57. Rd8   Rd4  58. Rg8   Rd6  59. Kf4   Kd3  60. Kf3  60... Kd4  61. Kf4   Kd5  62. Re8   Ra6  63. Rg8   Ra4+  64. Kf3   Rg4  65. Re8   Kd6  66. Re1   Kd7  67. Re2   Rd4  68. Rg2   Rd6  69. Kf4   Ke7  70. Kg5  70... Kf7  71. Ra2   Rd1  72. Ra7+   Ke6  73. Kxg6   Rg1+  74. Kh5   Ke5  75. Ra5+   Kf4  76. Ra4+   Kf3  77. Ra3+   Ke4  78. Ra4+   Kf3  79. Ra3+   Kf4  80. Ra4+  80... Kg3  81. Ra3+   Kh2  82. Rf3   Ra1  1/2-1/2

[Event "1st Killer Chess Training Open 2023"]
[Site "Copenhagen"]
[Date "2023.10.15"]
[Round "2.7"]
[White "Loftgaard, Mikkel Vinh"]
[Black "Hacker, Jonas"]
[Result "1/2-1/2"]
[WhiteElo "2151"]
[BlackElo "2400"]
[EventDate "2023.10.14"]
[EventType "swiss"]
[EventRounds "9"]
[EventCountry "DEN"]
[SourceTitle "Live v. Obro Skakforening"]

1. e4   e6  2. d4   d5  3. Bd3   dxe4  4. Bxe4   Nf6  5. Bf3   c5  6. Ne2   Nc6  7. Be3   cxd4  8. Nxd4   Ne5  9. Nc3   Bb4  10. O-O  10... O-O  11. Ne4   Be7  12. Nxf6+   Bxf6  13. Be2   a6  14. c3   Qc7  15. Qb3   Bd7  16. Rfd1   b5  17. Bf4   Rfd8  18. Rd2   Qc5  19. Bxe5   Qxe5  20. Bf3  20... Rab8  21. Rad1   Qc5  22. Qc2   Be8  23. g3   g6  24. Qe4   Qe5  25. Qxe5   Bxe5  26. Nc6   Rxd2  27. Rxd2   Bxc6  28. Bxc6   Kg7  29. Kg2   Rb6  30. Bf3  30... Bd6  31. b3   Kf6  32. Be4   Ke7  33. f4   f5  34. Bf3   Kf6  35. Rc2   Bc5  36. Rd2   Bd6  37. Re2   h6  38. h4   Bb8  39. Rd2   Bd6  40. Re2  40... Bb8  41. Rd2   g5  42. hxg5+   hxg5  43. fxg5+   Kxg5  44. c4   bxc4  45. bxc4   Bd6  46. Re2   Be7  47. Kh3   Kf6  48. g4   f4  49. Re4   e5  50. Re2  50... Rb8  51. g5+   Kxg5  52. Rxe5+   Kf6  53. Ra5   Rc8  54. Rxa6+   Ke5  55. Bg4   Rh8+  56. Kg2   Bc5  57. Kf3   Re8  58. Rh6   Kd4  59. Be6   Ra8  60. Rh5  60... Ra5  61. Rg5   Bb4  62. Rg2   Bd6  63. Rd2+   Ke5  64. Bg8   Ra3+  65. Ke2   f3+  66. Kf1   Bb4  67. Rb2  1/2-1/2